| 000 | 00815nam a22002297a 4500 | ||
|---|---|---|---|
| 005 | 20170124110215.0 | ||
| 010 | _aA-705725 | ||
| 020 |
_c00.00 _a8185944784 |
||
| 035 | _aA-705725 | ||
| 037 | _bCen Lib/Ret | ||
| 040 |
_aDPL _bEN |
||
| 082 |
_a324.95416 _bGOY |
||
| 100 |
_aGoyel, Purushottam _938845 |
||
| 245 |
_aDelhi's march towards statehood / _cby Purushottam Goyel |
||
| 260 |
_bUBS Publishers' Distributors _aNew Delhi _c1993 |
||
| 270 |
_bNew Delhi _a5, Ansari Road, Darya Ganj _e110002 |
||
| 300 |
_axiv,248p. _c21cm(Hb) |
||
| 500 | _aIncludes index | ||
| 650 |
_aDelhi (India : Union Territory) -- Politics and government _938846 |
||
| 650 |
_aAdministrative agencies -- India -- Delhi (Union Territory) -- Reorganization -- History _938847 |
||
| 942 |
_2ddc _cEN _h324.95416 _mGOY |
||
| 999 |
_c133764 _d133764 |
||